Loading...
| Beliefs | 0 | 6 | 2 | 4 | 50 | 105 | 128.33 | 0 | 1 | 2.37 | 9.66 |
| Science - Other | 0 | 4 | 0 | 0 | 40 | 85 | 108.50 | 0 | 1 | 3.96 | 9.94 |
| History - European | 1 | 2 | 0 | 0 | 35 | 86 | 100.67 | 1 | 1 | 5.69 | 14.02 |
| History - Ancient | 0 | 3 | 0 | 0 | 30 | 95 | 120.00 | 0 | 1 | 5.24 | 25.06 |
| Philosophy | 0 | 3 | 1 | 2 | 25 | 110 | 130.33 | 1 | 1 | 1.47 | 10.60 |
| History - American | 0 | 3 | 1 | 1 | 25 | 91 | 104.00 | 0 | 1 | 3.84 | 10.71 |
| Social Science | 0 | 2 | 0 | 0 | 20 | 66 | 79.50 | 1 | 2 | 3.58 | 8.73 |
| Literature - World | 1 | 0 | 0 | 0 | 15 | 77 | 77.00 | 0 | 0 | 3.16 | 3.90 |
| Modern World | 0 | 1 | 0 | 0 | 10 | 108 | 108.00 | 0 | 0 | 2.72 | 6.67 |
| History - Other | 0 | 1 | 0 | 0 | 10 | 120 | 120.00 | 0 | 0 | 1.40 | 8.33 |
| History - World | 0 | 2 | 2 | 0 | 10 | 107 | 107.50 | 0 | 1 | 2.68 | 7.86 |
| Literature - European | 0 | 1 | 0 | 1 | 10 | 137 | 137.00 | 0 | 0 | 0.10 | 4.55 |
| Visual Arts | 0 | 1 | 1 | 0 | 5 | 124 | 124.00 | 0 | 0 | 0.86 | 2.86 |
| Fine Arts - Classical Music and Opera | 0 | 1 | 1 | 0 | 5 | 137 | 137.00 | 0 | 0 | 0.25 | 1.43 |
| Fine Arts - Other Arts | 0 | 1 | 1 | 0 | 5 | 122 | 122.00 | 0 | 0 | 1.25 | 2.86 |
| Science - Biology | 0 | 0 | 1 | 0 | -5 | 0.00 | 0 | 0 | 0.00 | 0.00 | |
| Literature - British | 0 | 0 | 1 | 0 | -5 | 0.00 | 0 | 0 | 0.00 | 0.00 |